| 000 | 00709namaa22001691 4500 | ||
|---|---|---|---|
| 001 | 173924 | ||
| 003 | ES-MaACL | ||
| 005 | 20250909203613.0 | ||
| 008 | 100129s1839 sp r |||| | spa d | ||
| 040 |
_aSpMaBN _bspa _cA2 |
||
| 245 | 0 | 0 |
_aSeis cabezas en un sombrero _b: comedia en un acto / _carreglada a nuestro teatro por Gaspar Fernando Coll. |
| 260 |
_aMadrid : _bBoix, editor, impr., _c1839. |
||
| 300 |
_a36 p. ; _c17 cm. |
||
| 700 | 1 |
_aColl, Gaspar Fernando, _d1826-1855 _9126538 |
|
| 852 |
_aES-MaACL _jF-8629(6) _z.- Enc. pasta española _q.- Falto de la cub. original _z.- Enc. en un vol. facticio formando parte de la col. facticia "Teatro español moderno", vol. 84 |
||
| 999 |
_c173924 _d173924 |
||